Analytical Dynamics: (Record no. 3606)

MARC details
000 -LEADER
fixed length control field 01011pam a2200277 a 4500
001 - CONTROL NUMBER
control field 1614823
003 - CONTROL NUMBER IDENTIFIER
control field OSt
005 - DATE AND TIME OF LATEST TRANSACTION
control field 20191205164647.0
008 - FIXED-LENGTH DATA ELEMENTS--GENERAL INFORMATION
fixed length control field 950314s1996 enka b 001 0 eng
010 ## - LIBRARY OF CONGRESS CONTROL NUMBER
LC control number 95013004
020 ## - INTERNATIONAL STANDARD BOOK NUMBER
International Standard Book Number 0521482178
040 ## - CATALOGING SOURCE
Original cataloging agency DLC
Transcribing agency DLC
Modifying agency DLC
050 00 - LIBRARY OF CONGRESS CALL NUMBER
Classification number QA845
Item number .U39 1996
082 00 - DEWEY DECIMAL CLASSIFICATION NUMBER
Classification number 531
Edition number 20
Item number UDW 1996
100 1# - MAIN ENTRY--PERSONAL NAME
Personal name Udwadia, F. E.; Kalaba, Robert E.
9 (RLIN) 8047
245 10 - TITLE STATEMENT
Title Analytical Dynamics:
Remainder of title a new approach
260 ## - PUBLICATION, DISTRIBUTION, ETC. (IMPRINT)
Place of publication, distribution, etc. Cambridge ;
Name of publisher, distributor, etc. Cambridge University Press,
Date of publication, distribution, etc. 1996.
300 ## - PHYSICAL DESCRIPTION
Extent x, 262 p. :
Other physical details ill. ;
Dimensions 24 cm.
504 ## - BIBLIOGRAPHY, ETC. NOTE
Bibliography, etc Includes bibliographical references (p. 257-258) and index.
650 #0 - SUBJECT ADDED ENTRY--TOPICAL TERM
Topical term or geographic name as entry element Dynamics.
9 (RLIN) 4401
856 42 - ELECTRONIC LOCATION AND ACCESS
Materials specified Publisher description
Uniform Resource Identifier http://www.loc.gov/catdir/description/cam027/95013004.html
856 41 - ELECTRONIC LOCATION AND ACCESS
Materials specified Table of contents
Uniform Resource Identifier http://www.loc.gov/catdir/toc/cam025/95013004.html
906 ## - LOCAL DATA ELEMENT F, LDF (RLIN)
a 7
b cbc
c orignew
d 1
e ocip
f 19
g y-gencatlg
942 ## - ADDED ENTRY ELEMENTS (KOHA)
Source of classification or shelving scheme Dewey Decimal Classification
Koha item type Short Loan
Holdings
Withdrawn status Lost status Source of classification or shelving scheme Damaged status Not for loan Home library Current library Date acquired Source of acquisition Inventory number Total Checkouts Full call number Barcode Date last seen Koha item type
    Dewey Decimal Classification     MUST Main Library MUST Main Library 18/04/2016 Purchase 01/16019   531 UDW 1996 2016-0979 18/04/2016 Short Loan
    Dewey Decimal Classification     MUST Main Library MUST Main Library 18/04/2016 Purchase 01/16018   531 UDW 1996 2016-0980 18/04/2016 Short Loan